000 00527nam a22001697a 4500
005 20251108165001.0
008 250721s1985 xx 000 0 ara d
082 1 4 _a657.64/عبد
100 1 _aالصحن، عبد الفتاح
245 1 0 _aأصول المراجعة الداخلية و الخارجية /
264 1 _aالإسكندريه :
_bمؤسسة شباب الجامعة،
_c1985.
300 _a578ص
650 1 7 _aالمحاسبة
650 1 7 _aتدقيق الحسابات
942 _2ddc
_cBK
999 _c19099
_d19099